LDR 00827naa#a2200181#i#450# 001 EN\INFRA-M\bibl\120557 005 20260603112326.3 011 ## _a2500-3291 100 ## _a20260601b2026####ek#y0engy0150####ca 102 ## _aRU 200 1# _aDigital biometrics in organizational management _eJournal article 210 1# _aMoscow _cINFRA-M Academic Publishing LLC. _d2026 215 ## _a9 с. 608 ## _aJournal article _2local 675 ## _aЭкономика. Экономические науки. 33 _aИзучение проблемы организации: методология, анализ, синтез, классификация и таксономия (теория, основы), систематизация в целом. 005 _z 700 #1 _aBurlaka _gSvetlana Nikolaevna 700 #1 _aBeldina _gOksana Gennadievna 856 4# _anaukaru.ru _u